01008nam a2200265 i 450000100060000000300090000600500170001500700030003200800410003508000210007610000350009724501780013225000200031026000340033030000220036449000300038650000140041654600410043070000280047170000440049983000380054385200220058199900170060395201220062080549ES-MaACL20240419134139.0t|041028s1978 sp |||| | spa d a821.112.2-14"18"1 aHölderlin, Friedrich.96400110aPoemas de la locura b: precedidos de algunos testimonios de sus contemporáneos / cFriedrich Hölderlin ; traducción y notas de Txaro Santoro y José María Alvarez. aEd. bilingüe. aPamplona : bPeralta, c1978. a160 p. ; c21 cm.1 aPoesía Hiperión ; v4 aÍndice. aTexto paralelo alemán y español.1 aSantoro, Txaro.91034610 aAlvarez, José María, d1942-9206510 aPoesía Hiperión ; v49177326 aES-MaACLjA-10188 c80549d80549 00104070aATENEOMbATENEOMcDEPO1d2008-01-17eSCl0oA-10188p1084215r2023-02-23 00:00:00w2023-02-23yMONOGRAFIA